Αγ. Θεολόγος. γενικής χρήσεως Μ14-04

Αποθηκεύτηκε σε:
Λεπτομέρειες βιβλιογραφικής εγγραφής
Συλλογικό Έργο: Ελλάς. Υπουργείο Γεωργίας. Δασική Υπηρεσία, Ελλάς. Υπουργείο Εθνικής Αμύνης. Γεωγραφική Υπηρεσία Στρατού
Μορφή: Χάρτης
Γλώσσα:Greek
Δημοσίευση: [Χ.τ] : Υπουργείο Γεωργίας, 1992.
Θέματα:
Ετικέτες: Προσθήκη ετικέτας
Δεν υπάρχουν, Καταχωρήστε ετικέτα πρώτοι!

MARC

LEADER 00000cem a2200000 a 4500
001 1/118499
008 190422s1992 gr ||||| |##|||||||gre||
034 1 |a a  |b 120000 
040 |a GR-MyUa  |b gre  |c GR-MyUa  |e AACR2 
041 0 |a gre 
089 |p M  |a ΥΓΔΧ   |s 1Α-115  
110 1 |a Ελλάς.   |b Υπουργείο Γεωργίας.   |b Δασική Υπηρεσία. 
245 1 0 |a Αγ. Θεολόγος.   |n Μ14-04   |h [χάρτης] :   |b γενικής χρήσεως /   |c Υπουργείο Γεωργίας.  
255 |a Κλίμακα 1:20.000 ;   |b ισοδιάστασις 100 μ.  
260 |a [Χ.τ] :   |b Υπουργείο Γεωργίας,   |c 1992.  
300 |a 1 χάρτης :   |b ασπρόμ. ;   |c 80 x 54 εκ.  
500 |a Ορθοφωτοχάρτης.  
500 |a Υπόμνημα στα ελληνικά.  
500 |a Το τοπογραφικό υπόβαθρο προέρχεται από τοπογραφικό χάρτη της Γ.Υ.Σ. Διατηρείται το συγγραφικό δικαίωμα της Γ.Υ.Σ. COPYRIGHT - HMGS.  
500 |a Υπουργείο Αγροτικής Ανάπτυξης και Τροφίμων.  
500 |a Ελληνικό Κτηματολόγιο.  
508 |a Συντάχθηκαν από το τμήμα Χαρτογράφησης Δασών της Δ/νσης Δασικού Κτηματολογίου, Δασολογίου, Χαρτογράφησης, Απογραφής & Ταξινόμησης Δασών & Δασικών Εκτάσεων του Υπ. Γεωργίας, βάσει συνθέσεως ορθοφωτογραφιών, ληφθείσων δια του ORTHOPHOT-TOPOCART. Τα πληροφοριακά στοιχεία οριογραφήσης λήφθηκαν από τα συνεργεία του παραπάνω Τμήματος, το έτος 1991 από αεροφωτογραφίες λήψεως 1983.  
651 4 |a Amorgos (Greece : Municipality)  |v Maps. 
655 7 |a Photomaps  |2 lcgft 
710 1 |a Ελλάς.   |b Υπουργείο Εθνικής Αμύνης.   |b Γεωγραφική Υπηρεσία Στρατού. 
852 |a INST  |b LESVOS  |c MAP  |e 20190422  |h M ΥΓΔΧ/1Α-115  |p 005100061657  |q 005100061657  |t MAP  |y 23 
920 |a Εργαστήριο Χαρτογραφίας και Γεωπληροφορικής   |y Λέσβος-ΤΓ  |z 2018 
970 |a Καρά   |b Γιασεμή  |z 22/04/2019